JP - Droit Administratif - Statistiques

Statistiques générales
  • Ce quiz a été pris 13 fois
  • Le résultat moyen est 3 sur 105
Statistiques - réponses
Arrêt (J.D.Nom) Apport de l'Arrêts % Correct
1936, Arrighi Création de la théorie de l'écran législatif : le Conseil d'Etat, pour juger de la conformité d'un Acte Administratif à une loi, ne s'en tient qu'à sa bonne mise en œuvre, et refuse tout contrôle de la conformité de cette loi à un accord international.
63%
1875, Prince Napoléon Le critère du mobile politique a été abandonné pour qualifier d’emblée un acte de « gouvernementale ».
50%
1950, Dame Lamotte Un Acte Administratif peut toujours faire l'objet d'un Recours pour Excès de Pouvoir.
50%
1989, Nicolo Fin de la théorie de la loi écran vis à vis des Traités Internationaux.
25%
1998, Sarran & Levacher Primauté de la Constitution dans l'ordre interne vis à vis du référendum des accords de Nouméa.
25%
1867, Duc d’Aumale Dans une affaire, sous le 2nd Empire, l’Administration avait fait saisir un ouvrage d’histoire du fils de l’ancien roi (le duc d’Aumale), Louis-Philippe, car cet ouvrage critiquait le Gouvernement en place. Le duc d’Aumale souhaitaitcontester ce refus devant le juge administratif. Le CE, dans un arrêt de 1867, considère que ce recours est irrecevable devant le juge administratif puisque la saisie de l’ouvrage est un acte politique
13%
1943, Bouguen Au sens large, la possibilité des SP pour les personnes privées est étendue aux ordres profesionnels.
13%
1950, Dehaene Principe de continuité du service public
13%
1952, Dame Kirkwood Rupture avec l'arrêt Decerf. Une norme issu du droit international peut être invoquée à l'encontre d'un acte administratif.
13%
2008, Commune d'Annecy Le CE reconnaît la valeur constitutionnel de la Charte de l'Environnement.
13%
2009, Mme Perreux Abandon de la Jurisprudence Cohn-Bendit.
13%
1931, Karl et Toto Samé Le Juge Administratif refuse d'interpréter les Traités
0%
1937, Decerf Avant la SGM, on considérait qu'il était impossible de se prévaloir d'un Traité pour faire annuler un Acte Administratif.
0%
1942, Montpeurt Le CE reconnait la possibilité pour une personne privée de gérer un Service Public comme étendue aux comités d'organisations professionnels
0%
1947, D'Aillères Tout administré peut faire un recours en cassation
0%
1950, Queralt Tout administré dispose d'un droit de demander la reconsidération d'une décision prise à son encontre.
0%
1952, Geny Est un acte gouvernemental : le refus de se soumettre à la CPI
0%
1954, Chapou La décision par laquelle une directrice de lycée interdit aux filles le port du pantalon de ski en cours est une MOI.
0%
1954, Institution Notre Dame du kreisker Distinction faite entre circulaire réglementaire et interprétatives (insuscetibles de recours)
0%
1956, Amical des Annamites de Paris La liberté d'association est un PFRLR
0%
1957, Condamine La DDHC dispose d'une valeur constitutionnelle par sa simple mention dans le préambule de la constitution de 1958, elle peut servir de fondement à l'annulation d'un acte administratif qui y contreviendrait.
0%
1959, Syndicat Général des Ingénieurs Conseils Les PGD peuvent être invoqués. Leur valeur est infra législative, mais reste supra décrétale.
0%
1960, Société EKY Un décret contraire à la constitution et / ou à son préambule est susceptible d'être annulé par le Juge Administratif.
0%
1962, Canal et autres Une ordonnance doit respecter les PGD. En l'espèce, un décret prévoyait la condamnation de personnes ayant comploté contre De Gaulle, pendant la période des pouvoirs exceptionnels.
0%
1962, Rubin de Servens Est un acte gouvernemental : l'usage des pouvoirs exceptionnels de l'art. 16
0%
1964, Delahaye Il n’y a pas obligation, pour l’administration, de motiver ses décisions pour prendre un Acte Admin. Font exceptions les décisions individuelles défavorables.
0%
1967, Bricq L’affectation d’élèves à des groupes de TD est une MOI
0%
1968, Semoules Le Conseil d'Etat avait refusé de contrôler la conformité de la loi à un Traité. Il fait alors prévaloir la postériorité de la loi aux Traités, déduisant qu'elle est nécessairement conforme à ce dernier.
0%
1968, Tallagrand On ne peut pas se prévaloir de dispositions du préambule qui feraient naître des droits subjectifs.
0%
1975, Jacques Vabre La C.Cass. Accepte de contrôler la conformité d'une loi à un accord international.
0%
1978, Cohn-Bendit Une norme conventionnelle ne peut pas être invoquée à l'encontre d'un Acte Individuel.
0%
1978, GISTI Certains principes dits "à valeurs constitutionnels" sont invocables au même titre que la constitution. Le conseil d’État admet que peuvent être contestées la légalité des actes réglementaires dès lors qu’ils ne sont pas conformes à un principe constitutionnel. En effet, puisqu'ils sont des actes administratifs, les actes réglementaires doivent respecter les textes à valeur constitutionelle.
0%
1983, Seban Dans cet arrêt, il sera jugé que la délibération d’un jury d’examen ou concours n’est pas une décision individuelle défavorable.
0%
1984, Caillol La décision de placer un détenu dans un quartier de haute sécurité est une MOI
0%
1984, Fédération Française des sociétés de protection de la nature Les directives de l'UE sont supérieures aux actes réglementaires puisqu'elles sont supérieures aux lois.
0%
1987, Société Nachfolder Les PGD de droit international peuvent servir de fondement à l'annulation d'un acte administratif.
0%
1988, Syndicat des avocats de France L'installation de portiques à l'entrée des prisons n'est pas une MOI
0%
1989, Allain Est un acte gouvernemental : la décision par laquelle le PdR dissout l'AN
0%
1989, Compagnie ALITALIA On ne peut prendre de dispositions contraires à une directive.
0%
1989, SARL du PA de B. Pour qu'une convention internationale puisse servir de fondement à l'annulation d'un acte administratif, le JA s'affirme compétent pour vérifier qu'elle ait été régulièrement publiée, ratifiée et approuvée.
0%
1990, Boisdet La Jurisprudence Nicolo s'applique à la fois en droit communautaire et en droit international ordinaire.
0%
1990, Confédération nationale des associations familiales catholiques La DUDH49 n'est pas un "Traité régulièrement ratifié et approuvé" au sens de l'article 55 de la Constitution.
0%
1990, GISTI Le Juge Administratif accepte d'interpréter les Traités
0%
1991, Belgacem Les actes administratifs contraires à la Convention Européenne des Droit de l'Homme sont susceptibles d'être annulés par le JA.
0%
1991, Quintin Consécration de la théorie de l'écran transparent
0%
1992, Kherrouaa Port du voile interdit = MOI
0%
1992, SA Rothmans Les règlements de l'Union européenne sont supérieurs à la loi, et par conséquent aux actes administratifs.
0%
1992, Société Arizona Tobaco Product Le non respect d'une directive par un acte administratif peut engager la responsabilité de l'Etat membre en cas de préjudice.
0%
1995, Association Greenpeace France Certains actes échappent au contrôle juridictionnel, comme c’est le cas des actes liés à la défense nationale ou aux relations internationales.
0%
1995, Hardouin Lorsque les MOI présentent une certaine gravité ou ont un effet direct sur l’exercice d’une liberté publique.
0%
1995, Marie Un arrêt rendu le même jour qu’Hardoin adopte une position similaire.
0%
1995, Morsang Sur O. Application de la Jurisprudence GISTI
0%
1996, Doukouré Certaines dispositions peuvent être d'effet direct et d'autres non, dans une même convention.
0%
1996, Moussa Koné La constitution prévaut dans l'ordre interne. Il est jugé qu'est un PFRLR l'interdiction d'extrader, même en cas d'accord international, un individu pour motif politique.
0%
1996, Société Lambda Les lois sont par définition d'autorité supérieures à celle des actes administratifs
0%
1996, Syndicat des hospitaliers de Bédarieux Les Actes préparatoires, du fait de leur caractère non décisoire, ne peuvent pas faire l’objet d’un recours devant le JA. ( Leur illégalité peut néanmoins être contestée contre l’acte décisoire préparé par ces actes. )
0%
1997, Aquarone Seuls les Traités "régulièrement ratifiés et approuvés" ont valeur supérieures aux lois, et non la coutume international.
0%
1998, Mlle Aldige Annulation d'un décret pour contrevenance au principe à valeur constitutionnelle d'égalité entre les Hommes et les Femmes.
0%
1999, Mme Ba Est un acte gouvernemental : la nomination d'un membre du CC
0%
1999, Rouquette et Lipietz Le Pacte civil est un exemple de la Jurisprudence Doukouré.
0%
2000, Demoiselle Marteaux Principe de neutralité des Services Publics
0%
2000, Frérot La décision de refuser l’acheminement du courrier d’un détenu est une MOI.
0%
2000, Megret et Mekhantar Est un acte gouvernemental : le refus d'engager des troupes en Yougoslavie
0%
2000, Paulin L’arrêt Paulin prévoit les conditions dans lesquelles un individu peut invoquer un PGD international face à la loi nationale française. Pour cela, il doit démontrer que : Le PGD international en question est applicable en France; Ce principe est en contradiction avec la loi nationale française; La primauté du PGD international sur la loi nationale française ne porte pas atteinte au bon fonctionnement de l’ordre public interne.
0%
2001, Syndicat National de l'Industrie Pharmaceutique Application de la Jurisprudence Sarran en droit communautaire.
0%
2001, Tabaka Est un acte gouvernemental : la décision de ne pas saisir le CC a priori
0%
2001, Toulouse Football Club Certains actes émanant de personnes privées sont susceptibles d’avoir un caractère administratif. La décision de la FFF (personne privée) par laquelle elle homologue les résultats du championnat de France est un Acte Admin.
0%
2002, Duvignères Seules les circulaires impératives peuvent faite l’objet d’un REP (lorsqu’elles dictent une conduite à tenir aux agents de l’administration).
0%
2003, syndicat des commissaires et hauts fonctionnaires de la police nationale Le Conseil d'Etat continue de créer, de manière beaucoup moins fréquente néanmoins, des PGD dans une optique de protections des administrés. En l'espèce, l'exemple est donné par consécration du principe de publication des règlements de l'administration.
0%
2004, Comité Anti Amiante Jussieu Limitation de la recevabilité des recours lorsqu’il n’y a pas d’effet direct sur les administrés et non lorsqu’elles sont purement indicatives ou orientatives.
0%
2004, Union Française pour la cohésion nationale La circulaire par laquelle le ministre de l’EN impose à ses services l‘interprétation qu’il fallait donner à la loi de 2004 sur l’interdiction du port de signes religieux ostensibles dans les écoles peut être attaquer.
0%
2006, Société KPMG Le principe de sécurité juridique (PFRLR) implique parfois une durée d'adaptation.
0%
2007, Gardedieu Le non respect d'une directive par une loi peut engager la responsabilité de l'Etat membre en cas de préjudice.
0%
2010, Cheriet-Benseghir Il appartient au juge administratif de vérifier si un engagement international fait l'objet d'une application réciproque. Pour la première fois, le CE renonce à se soumettre à l'appréciation du ministre des Affaires étrangères quant à la condition de réciprocité posée à l'article 55 de la Constitution. Se fondant sur des dispositions constitutionnelles, il se conforme ainsi aux exigences de la Convention européenne des droits de l'homme.
0%
2010, Rujovic l’article 61-1 de la Constitution ne permet pas de saisir le CC d’une question portant sur la constitutionalité d’un accord international et qu’une loi autorisant la ratification d’un traité ne pouvant pas être applicable à un litige
0%
2011, Association SOS Racisme Dans cette affaire, la circulaire litigieuse était une circulaire du 5 août 2010 édictée par le ministre de l'Intérieur et adressée aux préfets. Cette circulaire demandait notamment aux préfets d'engager une « démarche systématique de démantèlement des camps illicites, en priorité ceux des Roms ».
0%
2011, Kandyrine de Brito Paiva Lorsqu'il est saisi d’un acte administratif appliquant un traité, le Conseil d'État doit s'assurer de la compatibilité des dispositions internationales en cause, sauf si celles-ci relèvent de l’ordre juridique intégré de l’Union européenne. En cas de conflit non conciliable entre deux engagements internationaux, le juge applique la norme internationale à laquelle se réfère la décision contestée.
0%
2012, GISTI-FAPIL La Convention du Travail de 1949 ne se borne par à régir les relations entre Etat mais est d'effet direct sur la situation des personne.
0%
2012, Société Air Algérie Le Contrôle constitutionnelle par le JA est réservé à la seule procédure de la QPC, dont le verdict revient en réalité aux JC.
0%
2013, Fédération Nationale de la pêche en France L'ensemble des dispositions de la Charte de l'environnement de 2004 ont une valeur constitutionnelle.
0%
2016, M. Blanc La supériorité des Traités s'applique aux lois organiques
0%
2016, Société Fairvesta 2016, Société Numéricable En l'absence d'un caractère impératif, des actes dits "de droit souple" peuvent tout de même faire l'objet d'une contestation devant le juge administratif. Le Conseil d’État a cependant pris en compte les conséquences que les actes attaqués étaient susceptibles d’avoir, dans les faits, sur la situation des acteurs concernés.
0%
2016, Société GDF Suez Le Conseil d’Etat a ouvert le recours pour excès de pouvoir à la contestation des actes de droit souple (avis, recommandations, mises en garde et prises de position) adoptés par les autorités de régulation dans l’exercice de leurs missions, dans trois types de situations: lorsqu’ils revêtent le caractère de dispositions générales et impératives ; lorsqu’ils énoncent des prescriptions individuelles dont ces autorités pourraient ultérieurement censurer la méconnaissance ; enfin, sur la demande de requérants justifiant d’un intérêt direct et certain à leur annulation, lorsqu’ils sont de nature à produire des effets notables, notamment de nature économique, ou ont pour objet d’influer de manière significative sur les comportements des personnes auxquelles ils s’adressent.
0%
2017, Association les Amis de la Terre France En refusant les demande d'une association, le Gouvernement a méconnu ses obligations issues des articles de loi transposant la directive européenne.
0%
2019, Mme Le Pen Compte tenu du préjudice sur la notoriété de l'intéressée, l'acte de droit souple est contestable devant le Juge.
0%
2020, GISTI Les documents de portée générale émanant d’autorité publiques peuvent être attaqué devant le JA (quelle que soit leur nature) s’ils sont susceptibles d’avoir des effets notables sur les droits ou sur la situation des personnes autres que les agents chargés de les mettre en oeuvre.
0%
2021, Fransylva Le juge administratif qui serait incertain du sens, de la compatibilité, ou de la portée des normes issues des Traités, vis à vis de l'ordre interne, peut s'adresser, à titre consultatif, à la Cour EDH
0%
2021, Société Air France Si des dispositions législatives « se bornent à tirer les conséquences nécessaires de dispositions inconditionnelles et précises » d’une directive, le Conseil constitutionnel « n’est compétent que pour contrôler la conformité des dispositions contestées aux droits et libertés que la Constitution garantit que dans la mesure où elles mettent en cause une règle ou un principe qui, ne trouvant pas de protection équivalente dans le droit de l’Union européenne, est inhérent à l’identité constitutionnelle de la France » « l’interdiction de déléguer à des personnes privées des compétences de police administrative générales inhérentes à l’exercice de la ‘force publique’ nécessaire à la garantie des droits »
0%
9 mai 2001 Le Conseil d'Etat laisse les PGD de Droit Communautaire prévaloir sur ceux du droit interne
0%
9 novembre 2007 Dans cet arrêt, il était fait référence à la Convention de Paris de 1902 qui disposait le devoir de préserver les oiseaux utiles à l'agriculture. Il fut rappelé que, pour servir de fondement à l'annulation d'un acte juridique, la convention devait produire des droits dont le préjudiciable pouvait directement se prévaloir c'est à dire produire des effets direct sur la situation des personnes. En l'espèce, cela n'était pas caractérisé.
0%
CC, 1975, IVG Le CC se refuse à un contrôle de conventionnalité d'une loi, confiant cette prérogative aux plus hautes juridictions de chaque ordre.
0%
CC, 1979 C’est notamment le cas du principe de continuité du service public
0%
CC, 2004, Loi pour la confiance dans l'économie numérique La transposition des directives est une obligation d'ordre constitutionnel (article 88-1)
0%
CC, 2004, Traité établissant une Constitution pour l'Europe Reconnait que la Constitution consacre l’existence d’un « ordre juridique communautaire intégré à l’ordre juridique interne et distinct de l’ordre juridique international »
0%
CC, 2006, Loi relative aux droits d'auteurs « la transposition d’une directive ne saurait aller à l’encontre d’une règle ou d’un principe inhérent à l’identité constitutionnelle de la France, sauf à ce que le constituant y ait consenti »
0%
C.Cass. (plén.), 2000, Fraisse Une norme qui serait contraire à une convention mais en accord avec la constitution est jugé valable et on ne peut en demander l'annulation.
0%
CJCE, 1964, Costa Consécration du principe de Primauté du Droit de l'Union Européenne
0%
TC, 1935, Action Française Parfois, l'administration dénature tellement son action qu'elle ne mérite plus le privilège d'autocontrôle qui revient en principe au JA. La voie de fait sanctionne alors l'atteinte par une autorité administrative au droit de propriété ou à une lberté fondamentale.
0%
TC,1949, Société Hôtel du Vieux Beffroi L'emprise irrégulière désigne le cas où l'administration dépossède un particulier de sa propriété privée.
0%
TC, 1952, Flavigny La voie de fait était définie avec plus de souplesse : par l'exécution irrégulière ou le prononcé d’une décision irrégulière
0%
TC, 1968, Epoux Barbier Le JA est compétent en matière d’actes émanant des SPIC.
0%
TC, 2001, Bouchot Plainchant Les fédérations départementales des chasseurs participent à une mission de SP, leur décision peut être contestée devant le JA (et non le JJ).
0%
TC, 2001, Préfet de Police de Paris La voie de fait est également caractérisée lorsque la décision était “manifestement insusceptible d’être rattachée à un pouvoir” de l’administration.
0%
TC, 2013, Bergoend Lle Tribunal des Conflits va redéfinir les critères de qualification de la voie de fait. Dès lors, la voie de fait se caractérise par l'exécution forcée d’une décision ou par une décision en elle même, qui porterait atteinte à une liberté individuelle ou aboutirait à l’extinction d’un droit de propriété, ce qui ne peut manifestement pas être rattaché aux prérogatives de l’autorité administrative.
0%
TC, 2013, Panizzon Dans le cas d'une emprise irrégulière, le juge administratif devient compétent pour se prononcer sur sa constatation, sa cessation et la réparation du préjudice qui en résulte.
0%
Aucun quiz correspondant
Distribution des résultats
% des personnes avec chaque résultat
Percentile par nombre de réponses
Votre historique - résultats
Vous n’avez pas pris ce quiz